000 00399nam a2200181Ia 4500
001 1075
005 20260306140605.0
008 260306t2007||||xx |||||||||||||| ||spa||
041 _aESP
082 _a180
_bR31H T. 1
100 _aReale, Giovanni
_eAUT
245 0 _aHistoria de la filosofĂ­a
260 _c2007
300 _a
_c
650 _aGEN
654 _aCHU
942 _cLIB
_dJUS
_fJUS
_2ddc
_n
999 _c1075
_d1075